Statistics for The 2 Closest Neighbours of Island Countries (West Atlantic)

Click here to take the quiz!

General Stats

  • This quiz has been taken 52 times
  • The average score is 22 of 26

Answer Stats

HintAnswer% Correct
The BahamasUnited States
100%
JamaicaCuba
97%
CubaHaiti
97%
The BahamasCuba
94%
HaitiCuba
94%
HaitiDominican Republic
94%
Dominican RepublicHaiti
94%
St Kitts and NevisAntigua and Barbuda
88%
JamaicaHaiti
85%
Antigua and BarbudaSt Kitts and Nevis
85%
St Vincent and the GrenadinesSt Lucia
85%
GrenadaSt Vincent and the Grenadines
85%
St LuciaSt Vincent and the Grenadines
85%
CubaThe Bahamas
85%
DominicaSt Lucia
82%
DominicaAntigua and Barbuda
79%
St Kitts and NevisDominica
79%
St Vincent and the GrenadinesGrenada
79%
Dominican RepublicThe Bahamas
79%
Antigua and BarbudaDominica
76%
St LuciaDominica
76%
BarbadosSt Lucia
74%
Trinidad and TobagoGrenada
71%
BarbadosSt Vincent and the Grenadines
71%
GrenadaTrinidad and Tobago
71%
Trinidad and TobagoVenezuela
71%

Score Distribution

Percentile by Number Answered

Percent of People with Each Score

Your Score History

You have not taken this quiz